Imagens da obra do padre Manuel Bernardes (Registo nº 201958)
[ vista simples ]
| 000 -Etiqueta do registo | |
|---|---|
| Valores | 00642nam 22001813 4500 |
| 100 ## - Dados gerais de processamento | |
| Dados gerais | 20260424d u||y0pory50 ba |
| 200 ## - Titulo e menção de responsabilidade | |
| Título próprio | Imagens da obra do padre Manuel Bernardes |
| Informação de outro título | apresentação crítica, selecção, notas e sugestões de Lucília Gonçalves Pires |
| Primeira menção de responsabilidade | Lucília Gonçalves Pires |
| 210 ## - Publicação | |
| Local de publicação | Lisboa |
| Nome do editor | Seara Nova |
| Data de publicação | 1978 |
| 215 ## - Descrição física | |
| Paginação / Volumes | 145, [2] p. |
| Outras indicações físicas | brochado |
| Dimensões | 19 cm |
| 225 ## - Colecção | |
| Título próprio da colecção | Textos literários |
| 606 ## - Nome comum usado como assunto | |
| ID Autoridade | 3661 |
| Palavra de ordem | Crítica Literária.Estudos Literários |
| 675 ## - CDU | |
| Notação | 82.09 |
| Edição | PT |
| Língua | por |
| 701 ## - Co-autor principal (pessoa individual) | |
| ID Autoridade | 17191 |
| Apelido | Pires |
| Nome | Lucília Gonçalves |
| Datas | 1939- |
| 801 ## - Fonte de origem | |
| País | PT |
| Agência | BMMN |
| Regras de catalogação | RPC |
| 830 ## - Notas gerais do catalogador | |
| Criado por | Vanda |
| 990 ## - Elementos KOHA | |
| Tipo de documento | Livro |
| Situação do levantamento | Biblioteca de origem | Código de barras | Cota | Permissão de empréstimo | Tipo de documento | Forma de aquisição |
|---|---|---|---|---|---|---|
| Biblioteca Municipal de Montemor-o-Novo | 31357 | 82.09 IMA|DEP | Livro | Compra |